| 000 | 00641nam a2200217 a 4500 | ||
|---|---|---|---|
| 999 |
_c12659 _d12659 |
||
| 001 | 12659 | ||
| 003 | BD-JhCC | ||
| 005 | 20230119134025.0 | ||
| 008 | 221102s2021 bg |||| |||| 000 0 ban d | ||
| 020 | _a9789849518860 | ||
| 035 | _a(BD-JhCC)12659 | ||
| 040 |
_aBD-JhCC _dBD-JhCC |
||
| 041 | _aBangla | ||
| 082 |
_a891.443 _bHOS 2021 |
||
| 100 | _aহোসাইন, সাদাত | ||
| 245 |
_aআরশিনগর / _cসাদাত হোসাইন |
||
| 260 |
_aঢাকা : _bঅন্যধারা, _c২০২১ |
||
| 300 |
_a২৭২ পৃ. : _c২৪ সেমি. |
||
| 650 | _aBengali Novel | ||
| 942 |
_2ddc _cBK _03 |
||